How e-auctions work (Record no. 77534)
[ view plain ]
| 000 -LEADER | |
|---|---|
| fixed length control field | 00680cab a2200181 4500 |
| 001 - CONTROL NUMBER | |
| control field | ##L134471 |
| 008 - FIXED-LENGTH DATA ELEMENTS--GENERAL INFORMATION | |
| fixed length control field | 060808n2006 000 0 eng u |
| 035 ## - SYSTEM CONTROL NUMBER | |
| System control number | (Sirsi) u134471 |
| 041 0# - LANGUAGE CODE | |
| Language code of text/sound track or separate title | eng |
| 245 00 - TITLE STATEMENT | |
| Title | How e-auctions work |
| 260 ## - PUBLICATION, DISTRIBUTION, ETC. | |
| Date of publication, distribution, etc. | 2006 |
| 490 #0 - SERIES STATEMENT | |
| Series statement | Building |
| Volume/sequential designation | 271(8441) 28 July 2006, 45(1) |
| 520 ## - SUMMARY, ETC. | |
| Summary, etc. | Outlines the procedure being adopted by the Office of Government Commerce for its first online auction. Describes how interested firms can register their interest and submit technical queries, how bids will be evaluated, and the auction process itself. |
| 590 ## - LOCAL NOTE (RLIN) | |
| Local note | IKA220806 |
| 651 #4 - SUBJECT ADDED ENTRY--GEOGRAPHIC NAME | |
| Geographic name | United Kingdom |
| Chronological subdivision | |
| 690 ## - LOCAL SUBJECT ADDED ENTRY--TOPICAL TERM (OCLC, RLIN) | |
| Topical term or geographic name as entry element | PROPERTY-AUCTIONEERING |
| 942 ## - ADDED ENTRY ELEMENTS (KOHA) | |
| Suppress in OPAC | 0 |
| Withdrawn status | Lost status | Source of classification or shelving scheme | Damaged status | Not for loan | Home library | Current library | Shelving location | Date acquired | Total Checkouts | Full call number | Barcode | Date last seen | Copy number | Price effective from | Koha item type |
|---|---|---|---|---|---|---|---|---|---|---|---|---|---|---|---|
| Dewey Decimal Classification | London | London | Journal article | 08/08/2006 | L134471 | 134471-1001 | 06/08/2019 | 1 | 06/08/2019 | Journal article |